Province della Sicilia per Popolazione - Statistics

Statistiche generali
  • Questo quiz è stato fatto 28 volte
  • Il punteggio medio è 9 su 9
Statistiche sulle risposte
Popolazione (ab.) Libero consorzio comunale o Città Metropolitana % Corretto
622 962 Città metropolitana di Messina
100%
1 245 826 Città metropolitana di Palermo
100%
1 103 917 Città metropolitana di Catania
96%
262 458 Libero consorzio comunale di Caltanissetta
96%
164 788 Libero consorzio comunale di Enna
96%
430 492 Libero consorzio comunale di Trapani
96%
320 893 Libero consorzio comunale di Ragusa
92%
399 224 Libero consorzio comunale di Siracusa
92%
434 870 Libero consorzio comunale di Agrigento
83%
Nessun quiz corrispondente trovato
Distribuzione punteggi
Percentuale di utenti per punteggio
Percentile per numero di risposta
I tuoi punteggi nel tempo
Non hai fatto questo quiz